000 00859cam a2200253 a 4500
001 000002086
003 OSt
005 20210318124521.0
008 760820q19731974ve a b 001 0bspa
040 _aDO-SdBNP
_bspa
_cBNPHU
082 4 _a987.063
_bR771c
_222
100 1 _aRondón Márquez, R. A.
_q(Rafael Angel),
_d1898-1966.
_96713
245 1 0 _aCrespo y la revolución legalista /
_cR. A. Rondón Márquez ; prólogo de Ramón J. Velásquez.
260 _a[Caracas]? :
_bEdiciones de la Contraloría,
_c[1973]?.
300 _avi, 303 p. :
_bil. ;
_c23 cm.
490 1 _aHistoria
504 _aBibliografía: p. 301-303.
600 1 4 _aCrespo, Joaquín,
_d1841-1898.
_96714
651 4 _aVenezuela
_xHistoria
_y1830-1935.
_96715
700 1 _aVelásquez, Ramón J.
_epról.
_96716
830 0 _aHistoria
_92122
910 _aEn proceso
942 _2ddc
_cLBS1
999 _c1946
_d1946